La gestión de la política social en el debate del trabajo social crítico /
El siguiente artículo pretende contribuir a un debate teórico-metodológico sobre las organizaciones productoras de servicios sociales desde una postura crítica y con ello aportar a esta dimensión de las competencias profesionales: gestionar política social.
Sparad:
| Huvudupphovsman: | |
|---|---|
| Materialtyp: | Text |
| Ämnen: | |
| Taggar: |
Lägg till en tagg
Inga taggar, Lägg till första taggen!
|
MARC
| LEADER | 00000 a a2200000 04500 | ||
|---|---|---|---|
| 001 | 44502 | ||
| 003 | |||
| 040 | |||
| 100 | |a Molina M., María Lorena | ||
| 245 | |a La gestión de la política social en el debate del trabajo social crítico / |c María Lorena Molina M. | ||
| 520 | |a El siguiente artículo pretende contribuir a un debate teórico-metodológico sobre las organizaciones productoras de servicios sociales desde una postura crítica y con ello aportar a esta dimensión de las competencias profesionales: gestionar política social. | ||
| 590 | |a RRH/ENERO2014 | ||
| 650 | |a POLITICA SOCIAL | ||
| 650 | |a ADMINISTRACION | ||
| 650 | |a SERVICIOS SOCIALES | ||
| 650 | |a DERECHOS HUMANOS | ||
| 650 | |a ESTADO | ||
| 650 | |a TRABAJO SOCIAL | ||
| 773 | |g páginas 91-121 | ||
| 999 | |c 39707 |d 39707 | ||
